Oeuvres philosophiques de M.D. Hume traduits de l'anglois (Record no. 155782)
[ view plain ]
| 000 -LEADER | |
|---|---|
| campo de control de longitud fija | 01065nam a2200253 i 4500 |
| 001 - NÚMERO DE CONTROL | |
| campo de control | 155782 |
| 003 - IDENTIFICADOR DE NÚMERO DE CONTROL | |
| campo de control | ES-MaACL |
| 005 - FECHA Y HORA DE LA ÚLTIMA TRANSACCIÓN | |
| campo de control | 20250804062750.0 |
| 008 - DATOS DE LONGITUD FIJA--INFORMACIÓN GENERAL | |
| campo de control de longitud fija | 040730s1764 xxk |||| | fre d |
| 040 ## - FUENTE DE CATALOGACIÓN | |
| Centro catalogador/agencia de origen | CAM |
| Lengua de catalogación | spa |
| Centro/agencia transcriptor | CAM |
| 100 1# - ENTRADA PRINCIPAL--NOMBRE DE PERSONA | |
| Nombre de persona | Hume, David, |
| Fechas asociadas al nombre | 1711-1776 |
| 9 (RLIN) | 64719 |
| 245 10 - MENCIÓN DEL TÍTULO | |
| Título | Oeuvres philosophiques de M.D. Hume traduits de l'anglois |
| Resto del título | : tome troisieme contenant l'Histoire naturelle de la Religion; [tome quatrieme contenant Les Dissertations sur les Passions, sur la Tragédie & sur la Regle du goût]. |
| 250 ## - MENCION DE EDICION | |
| Mención de edición | Nouvelle edition. |
| 260 ## - PUBLICACIÓN, DISTRIBUCIÓN, ETC. | |
| Lugar de publicación, distribución, etc. | A Londres : |
| Nombre del editor, distribuidor, etc. | chez David Wilson, |
| Fecha de publicación, distribución, etc. | 1764. |
| 300 ## - DESCRIPCIÓN FÍSICA | |
| Extensión | VIII, 180, [4], [181]-226, [2] en bl. p. ; |
| Dimensiones | 8º. |
| 505 8# - NOTA DE CONTENIDO CON FORMATO | |
| Nota de contenido con formato | El t.IV con port. propia comprende las pp. [4],[181]-226 |
| 597 ## - NOTA DE DESCRIPCIÓN FÍSICA | |
| NOTA DE DESCRIPCIÓN FÍSICA | Sign.: *4, A-L8, M2, []2, M6, N-O8, P2. |
| 597 ## - NOTA DE DESCRIPCIÓN FÍSICA | |
| NOTA DE DESCRIPCIÓN FÍSICA | Port. a dos tintas con viñeta xil. |
| 597 ## - NOTA DE DESCRIPCIÓN FÍSICA | |
| NOTA DE DESCRIPCIÓN FÍSICA | Antep. |
| 650 #7 - PUNTO DE ACCESO ADICIONAL DE MATERIA--TÉRMINO DE MATERIA | |
| Término de materia o nombre geográfico como elemento de entrada | Filosofía |
| Fuente del encabezamiento o término | embne |
| 9 (RLIN) | 12802 |
| 700 1# - ENTRADA AGREGADA--NOMBRE PERSONAL | |
| Nombre de persona | Wilson, David. |
| 9 (RLIN) | 133939 |
| 852 ## - LOCALIZACIÓN | |
| Ubicación | ES-MaACL |
| Número de control de estantería | R-996-98 |
| Nota libre | -- Enc. pasta |
| Encuadernación | Olim: G-9266-68 |
| Estatus retirado | Estado de pérdida | Estado de daño | No para préstamo | Colección | Biblioteca de origen | Biblioteca actual | Ubicación en estantería | Fecha de adquisición | Total de préstamos | Signatura topográfica completa | Código de barras | Visto por última vez | Precio de reemplazo | Tipo de ítem Koha |
|---|---|---|---|---|---|---|---|---|---|---|---|---|---|---|
| Libros del s. XVIII | Biblioteca del Ateneo de Madrid | Biblioteca del Ateneo de Madrid | Depósito | 17/01/2008 | R-996-98 | 1162956 | 23/02/2023 | 23/02/2023 | Libro impreso antiguo |
